| 000 | 004370000a22001810004500 | ||
|---|---|---|---|
| 003 | MACL | ||
| 005 | 20160129170957.0 | ||
| 008 | 160129b xxu||||| |||| 00| 0 eng d | ||
| 040 |
_aMACL _cMACL |
||
| 041 | _aEnglish | ||
| 082 | _a823/VAS | ||
| 100 |
_aVaswani, J P _935707 |
||
| 245 | _aMore Snacks for the Soul | ||
| 260 |
_bSterling Publishing _aNew Delhi |
||
| 350 | _a150 | ||
| 650 |
_aFiction _935708 |
||
| 942 |
_cBK _k823/Vas _2ddc |
||
| 999 |
_c31113 _d31113 |
||